000 00338nam a2200133Ia 4500
003 OSt
005 20231030071440.0
008 170523s9999 xx 000 0 und d
040 _cIIMT UNIVERSITY
100 _aANAND M L
245 0 _a ELECTRICAL MEASUREMENTS AND MEASURING INSTRUMENTS
260 _aS.K. Kataria & Sons
942 _2ddc
_c02
999 _c11931
_d11931